| Tag |
First Indicator |
Second Indicator |
Subfields |
| LEADER |
00000cam a2200000ui 4500 |
| 001 |
in00001136829 |
| 005 |
20150930084504.0 |
| 007 |
he bmb|||baca |
| 008 |
860422s1841 nyu b 000 0 eng d |
| 035 |
|
|
|a (OCoLC)18914111
|
| 035 |
|
|
|9 AFX7304AM
|
| 040 |
|
|
|a UBY
|c UBY
|d m.c.
|d TXA
|d UtOrBLW
|
| 049 |
|
|
|a TXAI
|
| 099 |
|
|
|a fiche
|a C
|a 7863
|
| 100 |
1 |
|
|a Adams, John Quincy,
|d 1767-1848,
|e cn.
|
| 245 |
1 |
0 |
|a Argument of John Quincy Adams, before the Supreme Court of the United States :
|b in the case of the United States, appellants, vs. Cinque, and others, Africans, captured in the schooner Amistad, by Lieut. Gedney, delivered on the 24th of February and 1st of March, 1841. With a review of the case of the Antelope, reported in the 10th, 11th, and 12th volumes of Wheaton's Reports.
|
| 264 |
|
1 |
|a New York :
|b S.W. Benedict,
|c 1841.
|
| 300 |
|
|
|a 135 pages ;
|c 22 cm.
|
| 336 |
|
|
|a text
|b txt
|2 rdacontent
|
| 337 |
|
|
|a microform
|b h
|2 rdamedia
|
| 338 |
|
|
|a microfiche
|b he
|2 rdacarrier
|
| 533 |
|
|
|a Microfiche.
|b Louisville, Ky. :
|c Lost Cause Press,
|d 1965.
|e 4 microfiches : negative ; 11 x 15 cm.
|f (Selected Americana from Sabin's Dictionary of books relating to America)
|
| 539 |
|
|
|a s
|b 1966
|d nyu
|e n
|
| 500 |
|
|
|a Microform.
|
| 610 |
2 |
0 |
|a Amistad (Schooner),
|e cn.
|
| 650 |
|
0 |
|a Slave trade.
|
| 710 |
1 |
|
|a United States.
|b Supreme Court,
|e cn.
|
| 999 |
|
|
|a MARS
|
| 999 |
f |
f |
|s 8fb963cd-1052-37f6-bcee-50b86d9f9355
|i 6c876dc4-8818-3418-88a2-68325d19e789
|t 0
|
| 952 |
f |
f |
|p normal
|a Texas A&M University
|b College Station
|c Sterling C. Evans Library
|d Evans: Microforms (3rd floor)
|t 0
|e fiche C 7863
|h Other scheme
|i microform -- microfiche
|m A14822806102
|
| 998 |
f |
f |
|a fiche C 7863
|t 0
|l Evans: Microforms (3rd floor)
|